Návrh úprav Medzinárodných štandardov účtovného výkazníctva (IFRS)

Začiatkom októbra zverejnila IASB návrh noviel 25 existujúcich štandardov. Štandardy a oblasti, ktorých sa navrhované úpravy týkajú.

Guardado en:
Detalles Bibliográficos
Autor principal: Krupová, Lenka
Otros Autores: Tumpach, Miloš, 1970-
Formato: Capítulo de libro
Lenguaje:eslovaco
Materias:
Etiquetas: Agregar Etiqueta
Sin Etiquetas, Sea el primero en etiquetar este registro!

MARC

LEADER 00000naa$a2200000$$$4500
001 0069213
005 20240502071833.8
041 0 |a slo 
044 |a SK 
245 1 0 |a Návrh úprav Medzinárodných štandardov účtovného výkazníctva (IFRS)  |c Lenka Krupová, Miloš Tumpach 
520 |a Začiatkom októbra zverejnila IASB návrh noviel 25 existujúcich štandardov. Štandardy a oblasti, ktorých sa navrhované úpravy týkajú. 
610 2 0 |a štandardy účtovné medzinárodné 
610 2 0 |a IFRS 
610 2 0 |a výkazníctvo účtovné 
610 2 0 |a Európska únia 
100 1 |a Krupová, Lenka 
700 1 |a Tumpach, Miloš, 1970-